Who are the most viewed Youtubers? (2024) - Statistics

General Stats
  • This quiz has been taken 23 times
  • The average score is 3 of 20
Answer Stats
Hint Answer % Correct
17 (58.5 Billion Views) MrBeast
100%
1 (265 Billion Views) T Series
53%
2 (189 Billion Views) Cocomelon
26%
18 (58.4 Billion Views) Ryan's World
16%
10 (74.1 Billion Views) Colors TV
11%
6 (104 Billion Views) Like Nastya
11%
3 (169 Billion Views) SET India
11%
7 (94.8 Billion Views) Vlad and Niki
11%
9 (87.9 Billion Views) WWE
11%
12 (69.3 Billion Views) Zee Music Company
11%
19 (55.7 Billion Views) ABS-CBN Entertainment
5%
20 (55 Billion Views) ARY Digital HD
5%
14 (62 Billion Views) El Reino Infantil
5%
15 (58.8 Billion Views) HAR PAL GEO
5%
5 (105 Billion Views) Kid's Diana Show
5%
4 (119 Billion Views) Sony SAB
5%
11 (72.7 Billion Views) Toys and Colors
5%
8 (93.7 Billion Views) Zee TV
5%
13 (63.1 Billion Views) Movie Clips
0%
16 (58.6 Billion Views) netd müzik
0%
No matching quizzes found
Score Distribution
Percent of People with Each Score
Percentile by Number Answered
Your Score History
You have not taken this quiz